International economic relations

Đã lưu trong:
Bibliografiske detaljer
Hovedforfatter: Hodgson, John S.
Format: Bog
Sprog:Undetermined
Udgivet: New Jersey Prentice/ Hall International, Inc. 1983
Fag:
Tags: Tilføj Tag
Ingen Tags, Vær først til at tagge denne postø!
Thư viện lưu trữ: Trung tâm Học liệu Trường Đại học Cần Thơ
LEADER 00517nam a2200181Ia 4500
001 CTU_81399
008 210402s9999 xx 000 0 und d
082 |a 337 
082 |b H691 
100 |a Hodgson, John S. 
245 0 |a International economic relations 
245 0 |c John S. Hodgson 
260 |a New Jersey 
260 |b Prentice/ Hall International, Inc. 
260 |c 1983 
650 |a International economic relations 
904 |i Trọng Hải 
980 |a Trung tâm Học liệu Trường Đại học Cần Thơ